000 00218nam a2200097Ia 4500
005 20251222114414.0
008 251222s1900||||xx |||||||||||||| ||spa||
082 _aDVD0092/K41/2005
245 0 _aTierra Santa:
942 _cDVD
999 _c2165
_d2165